| 000 | 00887nac a22002651i 4500 | ||
|---|---|---|---|
| 003 | EG-ScBUE | ||
| 005 | 20250528102602.0 | ||
| 008 | 250409t2000 ii ad f b 001 0 eng d | ||
| 020 | _a8177640356 | ||
| 040 |
_aEG-ScBUE _beng _erda _cEG-ScBUE _dEG-ScBUE |
||
| 082 | 0 | 4 |
_a530.132 _bBHA _222 |
| 100 | 1 |
_aBhattacharjee, J. K., _eauthor. |
|
| 245 | 1 | 0 |
_aStatistical mechanics : _ban introductory text / _cJ. K. Bhattacharjee. |
| 264 | 1 |
_aNew Delhi : _bAllied publisher PVT. limited, _c[2000] |
|
| 264 | 4 | _cc2000 | |
| 300 |
_a242 pages : _bGraphs, illustrations ; _c27 cm |
||
| 336 |
_2rdacontent _atext _btxt |
||
| 337 |
_aunmediated _2rdamedia _bn |
||
| 338 |
_avolume _bnc _2rdacarrier |
||
| 504 | _aIncludes bibliographical references and index. | ||
| 650 | 7 |
_aStatistical mechanics. _2BUEsh |
|
| 650 | 7 |
_aStatistical thermodynamics. _2BUEsh |
|
| 655 | _vReading book | ||
| 942 |
_cBB _2ddc |
||
| 999 |
_c1282 _d1282 |
||